Bytový dom

Salvato in:
Dettagli Bibliografici
Autore principale: Tóthová, Miroslava (Autore)
Altri autori: Pavčeková, Monika (Relatore della tesi)
Natura: Manoscritto Libro
Lingua:slovacco
Pubblicazione: 2023
Soggetti:
Accesso online:http://is.stuba.sk/zp/portal_zp.pl?podrobnosti=156560
https://opac.crzp.sk/?fn=detailBiblioForm&sid=D51643D01657CDEC2C97B3F06848
Tags: Aggiungi Tag
Nessun Tag, puoi essere il primo ad aggiungerne!!

MARC

LEADER 00000ntm a22000003a 4500
001 stuzp93824
003 SK-STU
005 20230925092655.9
007 ta
008 150427s2015----xo-----f-mn---000-0-slo-d
040 |a STU  |b slo 
041 0 |a slo 
100 1 |a Tóthová, Miroslava  |u 010180  |4 aut  |U SvF Stavebná fakulta  |T SvF Katedra konštrukcií pozemných stavieb  |X 104387  |U V180  |Y 18  |7 104387 
242 0 1 |a Apartment House  |y eng 
245 1 0 |a Bytový dom 
260 |c 2023 
650 4 |a bytový dom  |2 slo 
650 4 |a technická správa  |2 slo 
650 4 |a výkresová dokumentácia  |2 slo 
650 4 |a bakalárska práca  |2 slo 
650 4 |a projekt pre realizáciu stavby  |2 slo 
650 4 |a drawing documentation  |2 eng 
650 4 |a apartment building  |2 eng 
650 4 |a bachelor thesis  |2 eng 
650 4 |a Construction Implementation Plan  |2 eng 
650 4 |a technical report  |2 eng 
700 1 |a Pavčeková, Monika  |u 010180  |k Z1  |4 ths  |U SvF Stavebná fakulta  |T SvF Katedra konštrukcií pozemných stavieb  |X 10271  |U V180  |Y 18  |7 A000010271 
856 4 |u http://is.stuba.sk/zp/portal_zp.pl?podrobnosti=156560 
856 4 |u https://opac.crzp.sk/?fn=detailBiblioForm&sid=D51643D01657CDEC2C97B3F06848